00451nam a22001577a 4500003000400000005001700004008004100021040002200062082001500084100002700099245005300126260004800179300001900227490001400246700003300260OSt20221014141919.0221012b |||||||| |||| 00| 0 eng d cBiblioteca Lado V a708bF511n aFinlay, Saraheeditora aThe National Self-Portrait Collection of Irland/ bUniversity of Limerick Pressc1989aIrlanda a258p.c22x24cm vvolumen I aBlondet S., Jose Luiseautor